Congo masquerade: the political culture of aid inefficiency and reform failure (Record no. 79743)

MARC details
000 -LEADER
fixed length control field 00945nam a2200193 a 4500
008 - FIXED-LENGTH DATA ELEMENTS--GENERAL INFORMATION
fixed length control field 121122s2011 ||||||||||||||||| || u
020 ## - INTERNATIONAL STANDARD BOOK NUMBER
International Standard Book Number 9781848138377
050 ## - LIBRARY OF CONGRESS CALL NUMBER
Classification number DT 658 Tre
100 ## - MAIN ENTRY--PERSONAL NAME
Personal name Trefon, Theodore
245 10 - TITLE STATEMENT
Title Congo masquerade: the political culture of aid inefficiency and reform failure
Statement of responsibility, etc. by Theodore Trefon
260 ## - PUBLICATION, DISTRIBUTION, ETC.
Place of publication, distribution, etc. London:
Name of publisher, distributor, etc. Zed Books
Date of publication, distribution, etc. 2011
300 ## - PHYSICAL DESCRIPTION
Extent xvii, 153p.: ill.
500 ## - GENERAL NOTE
General note includes bibliography
650 ## - SUBJECT ADDED ENTRY--TOPICAL TERM
Topical term or geographic name entry element CONGO (DEMOCRATIC REPUBLIC) -- POLITICS AND GOVERNMENT--1997
650 ## - SUBJECT ADDED ENTRY--TOPICAL TERM
Topical term or geographic name entry element ECONOMIC ASSISTANCE--CONGO (DEMOCRATIC REPUBLIC)
650 ## - SUBJECT ADDED ENTRY--TOPICAL TERM
Topical term or geographic name entry element CONGO (DEMOCRATIC REPUBLIC)--HISTORY--1997
995 ## -
-- MAIN LIBRARY OPEN ACCESS
-- 743676
-- CBU-MAIN LIBRARY (Kitwe)
-- DT 658 Tre
-- 2
-- AVAILABLE
-- Jun 18, 2013
-- 743676
-- Main Library Open Access Collection
995 ## -
-- SPECIAL COLLECTIONS
-- 500382
-- CBU-DAG HAMMARSKJOLD INSTITUTE LIBRARY
-- DAG DT 658 Tre
-- 1
-- AVAILABLE
-- Jan 4, 2013
-- 500382
-- DHIPS Book Collection
999 ## -
-- 79743
-- 79743

No items available.